Počítače a programovanie : Programovací jazyk Fortran /

Na minha lista:
Detalhes bibliográficos
Autor principal: Jankovičová, Anna (Author)
Formato: Livro
Idioma:eslovaco
Publicado em: Bratislava : STU v Bratislave, 1979
Edição:1.vyd.
Tags: Adicionar Tag
Sem tags, seja o primeiro a adicionar uma tag!

MARC

LEADER 00000nam a22000003a 4500
001 stu6385
005 20150617225808.0
008 940802s1979----cs------------------slo-d
040 |a STU  |b slo 
041 0 |a slo 
044 |a cs 
100 1 |a Jankovičová, Anna  |4 aut 
245 1 |a Počítače a programovanie :  |b Programovací jazyk Fortran /  |c [aut.] Jankovičová,Anna 
250 |a 1.vyd. 
260 |a Bratislava :  |b STU v Bratislave,  |c 1979 
300 |a 70 s 
996 |b E42706  |c E*42706  |l EE01  |s A  |a 24  |w stu6385_0001 
996 |b E42832  |c E*42832  |l EE06  |s P  |a 0  |w stu6385_0002 
996 |b E42833  |c E*42833  |l EE06  |s P  |a 0  |w stu6385_0003